000 00581nam a2200181 i 4500
001 57946
003 ES-MaACL
005 20230906163703.0
007 t|
008 031020s1973 sp ||||1| spa d
100 1 _aDouglass, William Anthony.
_945500
245 1 0 _aMuerte en Murélaga
_b: el contexto de la muerte en el País Vasco /
_cWilliam A. Duglass ; [traducción de Eduardo Estrade].
250 _a[1ª ed.].
260 _a[Barcelona] :
_bSeix Barral,
_c1973.
300 _a260 p. ;
_c20 cm.
700 1 _aEstrade, Eduardo.
_948234
852 _aES-MaACL
_jC-54379
_bR.87106
999 _c57946
_d57946